80 plats "nationaux" en images (3) - Statistiques

Statistiques générales
  • Ce quiz a été pris 93 fois
  • Le résultat moyen est 6 sur 20
Statistiques - réponses
Par images Hint Réponse % Correct
Fish and chips / Europe Royaume-Uni
96%
Poutine / Amérique Canada
88%
Canard laqué / Asie Chine
68%
Wiener Schnitzel / Europe Autriche
44%
Steak Salisbury / Amérique Etats-Unis
41%
Ceviche / Amérique Pérou
41%
Thiéboudiène / Afrique Sénégal
41%
Goulasch / Europe Hongrie
39%
Zürcher Geschnetzeltes / Europe Suisse
38%
Phat kaphrao / Asie Thaïlande
30%
Dal bhat / Asie Népal
12%
Adobo / Asie Philippines
9%
Aki et morue salée / Amérique Jamaïque
6%
Ghormeh-sabzi / Asie Iran
5%
Hákarl / Europe Islande
5%
Pupusa / Amérique Salvador
5%
Bobotie / Afrique Afrique-du-Sud
4%
Oil down / Amérique Grenade
2%
Dambou / Afrique Niger
2%
Doubles / Amérique Trinité-et-Tobago
2%
Aucun quiz correspondant
Distribution des résultats
% des personnes avec chaque résultat
Percentile par nombre de réponses
Votre historique - résultats
Vous n’avez pas pris ce quiz